|
|
|
|
| LEADER |
00000nab a2200000 4500 |
| 001 |
vtls011917077 |
| 003 |
SK-MaSNL |
| 005 |
20260303095130.0 |
| 008 |
200212|2019 xo |||| || ||00 0|slo |
| 040 |
|
|
|e rda
|
| 041 |
|
|
|a slo
|
| 043 |
|
|
|a e-xo
|
| 044 |
|
|
|a xo
|c SK
|
| 072 |
|
7 |
|a 352
|x Verejná správa najnižšieho stupňa. Miestna správa. Mestská správa. Správne orgány
|2 konspekt
|
| 080 |
|
|
|a 351.758.2
|2 2011
|
| 100 |
1 |
|
|a Kasičová, Mária
|4 aut
|9 431604
|
| 245 |
1 |
0 |
|a Najkrajšia jarmočná pieseň . . .
|c Mária Kasičová
|
| 300 |
|
|
|b Fotografie
|
| 336 |
|
|
|a text
|b txt
|2 rdacontent
|
| 337 |
|
|
|a bez média
|b n
|2 rdamedia
|
| 338 |
|
|
|a zväzok
|b nc
|2 rdacarrier
|
| 600 |
1 |
7 |
|a Džurina, Pavol
|2 mizkgz
|9 1091489
|
| 610 |
1 |
7 |
|a Sobrance (Slovensko).
|b Mesto
|2 mizkgz
|9 1091490
|
| 611 |
2 |
7 |
|a Sobranský jarmok
|d (2019 :
|c Sobrance, Slovensko)
|2 mizkgz
|9 1108233
|
| 650 |
0 |
7 |
|a jarmoky
|2 mizkgz
|9 21891
|
| 650 |
0 |
7 |
|a kultúrne podujatia
|2 mizkgz
|9 71676
|
| 651 |
|
7 |
|a Michalovce (Slovensko)
|2 mizkgz
|9 22487
|
| 651 |
|
7 |
|a Sobrance (Slovensko)
|2 mizkgz
|9 23785
|
| 773 |
0 |
|
|t Sobrančan
|g Roč.II., č. 3 (2019), s.10-11
|x 1339-1054
|
| 787 |
0 |
8 |
|i Rec.:
|
| 999 |
|
|
|c 1823939
|d 1825869
|